000 00587nam a2200181Ia 4500
003 GCL
008 140319s9999 xx 000 0 ara d
040 _aGCL /
_cGCL
082 0 4 _a843.03
_bف ط
100 1 _aمصطفى ماهر
_vAnnotator
_@
…علق
245 1 0 _aالطبق الطائر /
_cمصطفى ماهر
700 1 _aفاللية رينية
490 _aالرواية العالمية
_v0
650 0 4 _aالادب الفرنسى
650 0 4 _aالادب الفرنسى المترجم
650 0 4 _aالقصص الفرنسية المترجمة
942 _2ddc
_cBK
999 _c39998
_d39998